Normal view
MARC view
- الاسماء الحسنى - الله - القران - الاسلام
Entry Topical Term
001 - CONTROL NUMBER
- control field: 17225
003 - CONTROL NUMBER IDENTIFIER
- control field: JO-AjAnu
005 - DATE AND TIME OF LATEST TRANSACTION
- control field: 20230606073039.0
008 - FIXED-LENGTH DATA ELEMENTS
- fixed length control field: 230606|| aca||aabn | a|a d
040 ## - CATALOGING SOURCE
- Original cataloging agency: JO-AjAnu
- Transcribing agency: JO-AjAnu
150 ## - HEADING--TOPICAL TERM
- Topical term or geographic name entry element: الاسماء الحسنى - الله - القران - الاسلام
670 ## - SOURCE DATA FOUND
- Source citation: Work cat.: (JO-AjAnu)8843: تاليف الكردي، عبد الحميد راجح, author 17224, أسماء الله الحسنى في القرآن الكريم: آثارها الجدانية والسلوكية